F1 - 2010 Season - Statistics

General Stats
  • This quiz has been taken 6 times
  • The average score is 64 of 115
Answer Stats
Hint Answer % Correct
Circuit de Spa-Francorchamps
100%
Fernando Alonso
100%
German Grand Prix
100%
Mark Webber
100%
Sebastian Vettel
100%
Spain
100%
Spanish Grand Prix
100%
Albert Park Circuit
80%
Australia
80%
Australian Grand Prix
80%
2010 Teams Bahrain Grand Prix
80%
2010 Calendar Bahrain International Circuit
80%
BMW Sauber
80%
Brazil
80%
Brazilian Grand Prix
80%
British Grand Prix
80%
Felipe Massa
80%
Ferrari
80%
Force India
80%
Lewis Hamilton
80%
McLaren
80%
Mercedes
80%
Michael Schumacher
80%
Peter Sauber
80%
Red Bull
80%
Renualt
80%
Silverstone Circuit
80%
Singapore Grand Prix
80%
Toro Rosso
80%
Yas Marina Circuit
80%
Abu Dhabi Grand Prix
60%
Adrian Sutil
60%
Austria
60%
Autódromo José Carlos Pace
60%
Autodromo Nazionale Monza
60%
Belgian Grand Prix
60%
Bruno Senna
60%
Canadian Grand Prix
60%
Chinese Grand Prix
60%
Christian Horner
60%
Circuit de Catalunya
60%
Circuit de Monaco
60%
Circuit Gilles Villeneuve
60%
Germany
60%
Heikki Kovalainen
60%
HRT
60%
Hungarian Grand Prix
60%
Hungaroring
60%
India
60%
Italian Grand Prix
60%
Italy
60%
Japan
60%
Japanese Grand Prix
60%
Jarno Trulli
60%
Jenson Button
60%
Lotus
60%
Malaysian Grand Prix
60%
Marina Bay Street Circuit
60%
Monaco Grand Prix
60%
Pedro de la Rosa
60%
Rubens Barrichello
60%
Sébastien Buemi
60%
Sepang International Circuit
60%
Shanghai International Circuit
60%
Sir Frank Williams
60%
Suzuka Circuit
60%
Switzerland
60%
Timo Glock
60%
UK
60%
Valencia Street Circuit
60%
Vitantonio Liuzzi
60%
Williams
60%
Christian Klien
40%
Cosworth
40%
European Grand Prix
40%
Finland
40%
Hockenheimring
40%
Istanbul Park
40%
Jaime Alguersuari
40%
Kamui Kobayashi
40%
Karun Chandhok
40%
Korea International Circuit
40%
Korean Grand Prix
40%
Nick Heidfeld
40%
Nico Hülkenberg
40%
Nico Rosberg
40%
Poland
40%
RB6
40%
Robert Kubica
40%
Ross Brawn
40%
Russia
40%
Turkish Grand Prix
40%
Virgin
40%
Vitaly Petrov
40%
C29
20%
Colin Kolles
20%
Éric Boullier
20%
F10
20%
F110
20%
Franz Tost
20%
FW32
20%
John Booth
20%
Lucas di Grassi
20%
Martin Whitmarsh
20%
MP4-25
20%
R30
20%
Sakon Yamamoto
20%
Stefano Domenicali
20%
STR5
20%
T127
20%
Tony Fernandes
20%
Vijay Mallya
20%
VJM03
20%
VR-01
20%
W01
20%
No matching quizzes found
Score Distribution
Percent of People with Each Score
Percentile by Number Answered
Your Score History
You have not taken this quiz